El paseo triunfal y el vejámen del graduando / (Record no. 11554)

000 -CABECERA
fixed length control field 00852nam a22002177a 4500
003 - IDENTIFICADOR DEL NÚMERO DE CONTROL
control field AR-CdUCM
008 - DATOS DE LONGITUD FIJA--INFORMACIÓN GENERAL
fixed length control field 190404b ||||| |||| 00| 0 spa d
040 ## - FUENTE DE LA CATALOGACIÓN
Agencia/entidad que catalogó originalmente la obra MUNICIPALIDAD PROVINCIAL DEL CUSCO
Entidad que transcribió la catalogación BIBLIOTECA MUNICIPAL DEL CUSCO
082 ## - NÚMERO DE LA CLASIFICACIÓN DECIMAL DEWEY
No. de Clasificación 869.56 / 1949 /
Notacion interna EG32
100 ## - ENTRADA PRINCIPAL--NOMBRE DE PERSONA
Nombre Personal Eguiguren, Luis Antonio
245 ## - MENCIÓN DE TÍTULO
Título El paseo triunfal y el vejámen del graduando /
260 ## - PUBLICACIÓN, DISTRIBUCIÓN, ETC.
Lugar de publicación, distribución, etc. Lima :
Nombre de la editorial, distribuidor, etc. Universidad Nacional Mayor de San Marcos,
Fecha de publicación, distribución, etc. 1949.
300 ## - DESCRIPCIÓN FÍSICA
Nº de Páginas Extensión 58 páginas ;
Dimensiones 19 cm.
440 ## - MENCIÓN DE SERIE/PUNTO DE ACCESO ADICIONAL--TÍTULO
Título Biblioteca del IV centenario de la fundación de la Universidad Nacional Mayor de San Marcos (1551-1951)
9 (RLIN) 28974
505 ## - NOTA DE CONTENIDO CON FORMATO
Nota de contenido formateada Contenido: Vexamen -- Cedulillas -- Introducción al Vejamen...
650 ## - PUNTO DE ACCESO ADICIONAL DE MATERIA--TÉRMINO DE MATERIA
Descriptor Estudiantes universitarios
9 (RLIN) 28975
650 ## - PUNTO DE ACCESO ADICIONAL DE MATERIA--TÉRMINO DE MATERIA
Descriptor Humorismo peruano
9 (RLIN) 1668
650 ## - PUNTO DE ACCESO ADICIONAL DE MATERIA--TÉRMINO DE MATERIA
Descriptor Anécdotas
9 (RLIN) 2139
942 ## - ELEMENTOS DE PUNTO DE ACCESO ADICIONAL (KOHA)
Fuente de clasificación
Tipo de item Libros-BMC
945 ## - PROCESAMIENTO DE INFORMACIÓN LOCAL (OCLC)
Catalogador davv
Holdings
Estado de retiro (separado) Fuente de clasificación o esquema de estanterías Estado dañado Ubicación Sala donde se ubica Nombre de la colección Fecha de adquisición o compra Costo, precio normal en soles Signatura topográfica Código de Barras Última vez visto (Koha) Tipo de ítem (Koha)
No     Sala Cusco Antiguo Sala Cusco Antiguo Book Cart 2019-04-04 15.00 869.56 / EG32 / 1949 SCA0001660 2019-04-04 Libros-BMC

Powered by Koha